[Event "BL 2223 (Women)"]
[Site "Germany"]
[Date "2022.11.12"]
[Round "3.6"]
[White "Matnadze, Ana"]
[Black "Caliebe, Nanke"]
[Result "1-0"]
[WhiteElo "2392"]
[BlackElo "1527"]
[PlyCount "103"]
[EventDate "2022.10.15"]
[EventType "team-tourn"]
[EventRounds "11"]
[EventCountry "GER"]
[SourceTitle "EXT 2024"]
[Source "ChessBase"]
[SourceDate "2023.10.10"]
[SourceVersion "1"]
[SourceVersionDate "2023.10.10"]
[SourceQuality "1"]
[WhiteTeam "Schwaebisch Hall (W)"]
[BlackTeam "Harksheide (W)"]
[WhiteTeamCountry "GER"]
[BlackTeamCountry "GER"]

1. d4 d5 2. Nf3 Nf6 3. g3 Bf5 4. Bg2 e6 5. 0-0 Be7 6. c4 dxc4 7. Qa4+ c6 8. Qxc4 0-0 9. Nc3 h6 10. Qb3 Qc8 11. Ne5 Nbd7 12. Nc4 a5 13. a4 Rd8 14. e4 Bg6 15. Bf4 Ra6 16. Rac1 Bh7 17. Rfe1 Bb4 18. Nd6 Bxd6 19. Bxd6 Nb6 20. Be7 Rd7 21. Bxf6 gxf6 22. Bf1 Rxd4 23. Bxa6 Rb4 24. Qd1 bxa6 25. Qh5 Qf8 26. Rc2 Nc4 27. Na2 Rxb2 28. Rxc4 Rxa2 29. Qxa5 Qa8 30. Qb6 a5 31. Rd1 Kg7 32. Rd8 Rb2 33. Rxa8 Rxb6 34. Rxa5 Rb1+ 35. Kg2 Re1 36. f3 f5 37. Kf2 Ra1 38. h4 fxe4 39. fxe4 f5 40. exf5 Bxf5 41. g4 Ra2+ 42. Ke3 Ra3+ 43. Kf4 Bg6 44. Ra7+ Kf8 45. Rxc6 Be8 46. Rc8 e5+ 47. Kxe5 Re3+ 48. Kf4 Re1 49. a5 Ra1 50. Raa8 Re1 51. a6 Kf7 52. Rxe8 1-0

[Event "GER-chT U20 Girls"]
[Site "Braunschweig"]
[Date "2019.12.29"]
[Round "5.2"]
[White "Peglau, Dora"]
[Black "Caliebe, Nanke"]
[Result "1-0"]
[WhiteElo "1502"]
[BlackElo "1538"]
[PlyCount "109"]
[EventDate "2019.12.27"]
[EventType "team-swiss"]
[EventRounds "7"]
[EventCountry "GER"]
[SourceTitle "CBM 194 Extra"]
[Source "ChessBase"]
[SourceDate "2020.03.31"]
[SourceVersion "1"]
[SourceVersionDate "2020.03.31"]
[SourceQuality "1"]
[WhiteTeam "Seeblick"]
[BlackTeam "Harksheide"]
[WhiteTeamCountry "GER"]
[BlackTeamCountry "GER"]

1. d4 d5 2. Nf3 e6 3. Bf4 Nf6 4. e3 c6 5. c4 Be7 6. Nc3 0-0 7. Bd3 Nbd7 8. 0-0 Re8 9. a3 a5 10. c5 b5 11. Qc2 Nf8 12. Ne5 Bb7 13. Nxb5 cxb5 14. Bxb5 Ba6 15. Bxe8 Qxe8 16. Rfc1 N8d7 17. b4 Nxe5 18. Bxe5 Bc4 19. Rcb1 axb4 20. axb4 Nd7 21. Bg3 Qc8 22. Rxa8 Qxa8 23. b5 Qa3 24. Qb2 Qa5 25. b6 Ba6 26. Ra1 Qb5 27. Qxb5 Bxb5 28. b7 Bc6 29. Ra8+ Bf8 30. Rxf8+ Kxf8 31. b8Q+ Nxb8 32. Bxb8 Bb5 33. f3 Ke8 34. Kf2 Kd7 35. e4 f6 36. Ke3 Kc6 37. e5 fxe5 38. Bxe5 g6 39. Kf4 Bd3 40. Kg5 h5 41. g4 hxg4 42. fxg4 Kd7 43. h4 Ke8 44. Kf6 Kd7 45. h5 gxh5 46. gxh5 Ke8 47. Kxe6 Be2 48. h6 Bd3 49. Kxd5 Kd7 50. c6+ Ke7 51. Bd6+ Kd8 52. Ke6 Be4 53. c7+ Kc8 54. Be5 Bd3 55. d5 1-0

[Event "BL 1617 (Women)"]
[Site "Germany"]
[Date "2017.01.21"]
[Round "3.6"]
[White "Miturova, Magdalena"]
[Black "Caliebe, Nanke"]
[Result "1-0"]
[WhiteElo "2208"]
[BlackElo "1478"]
[PlyCount "29"]
[EventDate "2016.10.22"]
[EventType "team-tourn"]
[EventRounds "11"]
[EventCountry "GER"]
[SourceTitle "EXT 2018"]
[Source "ChessBase"]
[SourceDate "2017.10.13"]
[SourceVersion "1"]
[SourceVersionDate "2017.10.13"]
[SourceQuality "1"]
[WhiteTeam "Rodewisch (W)"]
[BlackTeam "Harksheide (W)"]
[WhiteTeamCountry "GER"]
[BlackTeamCountry "GER"]

1. e4 c5 2. Nf3 Nc6 3. Bb5 a6 4. Bxc6 bxc6 5. 0-0 d6 6. Re1 g6 7. d4 c4 8. Na3 d5 9. Ne5 Qd6 10. exd5 cxd5 11. Naxc4 dxc4 12. Qf3 Qe6 13. Qxa8 Bg7 14. d5 Qf5 15. g4 1-0

[Event "GER-ch U25-B"]
[Site "Willingen"]
[Date "2016.05.19"]
[Round "7"]
[White "Arnold, Leander"]
[Black "Caliebe, Nanke"]
[Result "1-0"]
[WhiteElo "1552"]
[BlackElo "1469"]
[PlyCount "59"]
[EventDate "2016.05.15"]
[EventType "swiss"]
[EventRounds "9"]
[EventCountry "GER"]
[SourceTitle "CBM 172 Extra"]
[Source "ChessBase"]
[SourceDate "2016.06.21"]
[SourceVersion "1"]
[SourceVersionDate "2016.06.21"]
[SourceQuality "1"]

1. d4 d5 2. e3 Bf5 3. Nf3 Nf6 4. Bd3 Bxd3 5. cxd3 e6 6. Qb3 b6 7. Ne5 Bd6 8. Nc3 0-0 9. Nf3 Be7 10. 0-0 c5 11. Ne2 Nbd7 12. Qd1 Rc8 13. Bd2 Rc7 14. Rc1 Qb8 15. Ng3 Qb7 16. Bc3 Rfc8 17. Qd2 Qa6 18. dxc5 Nxc5 19. Be5 Rc6 20. Nd4 Nxd3 21. Nxc6 Rxc6 22. Rxc6 Bb4 23. Qc2 Nxe5 24. Rc8+ Bf8 25. Rc3 Qxa2 26. Ne2 Ne4 27. Rc8 Nc4 28. Nc3 Nxc3 29. Qxc3 Qxb2 30. Rxc4 1-0

[Event "GER-ch U25-B"]
[Site "Willingen"]
[Date "2016.05.17"]
[Round "5"]
[White "Schiewe, Nadine"]
[Black "Caliebe, Nanke"]
[Result "0-1"]
[WhiteElo "1272"]
[BlackElo "1469"]
[PlyCount "98"]
[EventDate "2016.05.15"]
[EventType "swiss"]
[EventRounds "9"]
[EventCountry "GER"]
[SourceTitle "CBM 172 Extra"]
[Source "ChessBase"]
[SourceDate "2016.06.21"]
[SourceVersion "1"]
[SourceVersionDate "2016.06.21"]
[SourceQuality "1"]

1. d4 d5 2. Nf3 Nf6 3. e3 Bg4 4. Nbd2 e6 5. Be2 Bd6 6. 0-0 Nbd7 7. b3 0-0 8. Bb2 Rc8 9. Ne5 Bxe2 10. Qxe2 c5 11. c4 Qc7 12. f4 Rfd8 13. Rf3 Qa5 14. Rh3 cxd4 15. exd4 Bb4 16. Ndf3 Rc7 17. Nxd7 Nxd7 18. Ne5 Nxe5 19. fxe5 dxc4 20. bxc4 Qa6 21. Qe4 h6 22. c5 Qc4 23. Qf3 Qb5 24. Qb3 a6 25. a3 Bd2 26. Qxb5 axb5 27. Kf2 b4 28. axb4 Bxb4 29. Ke2 b6 30. cxb6 Rc2+ 31. Kf1 Rxb2 32. b7 Be7 33. Ra7 Rb8 34. Rc3 R2xb7 35. Rxb7 Rxb7 36. Ke2 Rb2+ 37. Kf3 Rd2 38. Rc4 Bg5 39. h3 Rd3+ 40. Ke2 Re3+ 41. Kf2 Rd3 42. Ke2 Rd2+ 43. Kf3 f6 44. g3 Rd3+ 45. Kg2 fxe5 46. dxe5 Re3 47. Rc5 Rd3 48. h4 Be7 49. Rc8+ Kf7 0-1

[Event "GER-ch U25-B"]
[Site "Willingen"]
[Date "2016.05.16"]
[Round "3"]
[White "Jacoby, Angelina"]
[Black "Caliebe, Nanke"]
[Result "1/2-1/2"]
[WhiteElo "1198"]
[BlackElo "1469"]
[PlyCount "116"]
[EventDate "2016.05.15"]
[EventType "swiss"]
[EventRounds "9"]
[EventCountry "GER"]
[SourceTitle "CBM 172 Extra"]
[Source "ChessBase"]
[SourceDate "2016.06.21"]
[SourceVersion "1"]
[SourceVersionDate "2016.06.21"]
[SourceQuality "1"]

1. d4 d5 2. Nc3 c6 3. e4 dxe4 4. Nxe4 Bf5 5. f3 e6 6. Bf4 Nf6 7. Nxf6+ Qxf6 8. c3 Nd7 9. Bg3 Nb6 10. Bd3 Nd5 11. Bxf5 Qxf5 12. Qd2 Rd8 13. Ne2 Bd6 14. Bxd6 Rxd6 15. 0-0 0-0 16. Rad1 Rfd8 17. Qd3 Qg5 18. Rd2 Ne3 19. Rf2 Nf5 20. f4 Qe7 21. Ng3 Nxg3 22. Qxg3 c5 23. Qe3 Qd7 24. Qe4 b6 25. Rd1 cxd4 26. Rfd2 d3 27. Kf2 Qb5 28. Ke3 Qc5+ 29. Kf3 Qh5+ 30. Kg3 Qb5 31. Kf3 f5 32. Qe5 Qc6+ 33. Kf2 Kf7 34. Qe3 Qc4 35. a3 Rd5 36. Kf3 Kf6 37. g3 a5 38. h4 g6 39. Kf2 Qe4 40. Qxe4 fxe4 41. Ke3 Kf5 42. b4 Rc8 43. Rc1 Rd7 44. c4 Rdc7 45. Kd4 Rd8+ 46. Ke3 e5 47. Rf2 Rdc8 48. fxe5+ Kxe5 49. c5 bxc5 50. Rc4 Kd5 51. Rxe4 c4 52. Rd4+ Ke6 53. Re4+ Kd6 54. Rd4+ Ke7 55. Re4+ Kd7 56. Rf7+ Kd8 57. Rf8+ Kd7 58. Rf7+ Kd8 1/2-1/2

[Event "GER-ch U25 op-B"]
[Site "Willingen"]
[Date "2015.05.30"]
[Round "9"]
[White "Caliebe, Nanke"]
[Black "Wachinger, Nikolas"]
[Result "1-0"]
[WhiteElo "1360"]
[BlackElo "1299"]
[PlyCount "89"]
[EventDate "2015.05.24"]
[EventType "swiss"]
[EventRounds "9"]
[EventCountry "GER"]
[SourceTitle "CBM 166 Extra"]
[Source "ChessBase"]
[SourceDate "2015.06.18"]
[SourceVersion "1"]
[SourceVersionDate "2015.06.18"]
[SourceQuality "1"]

1. d4 d5 2. Nf3 Nf6 3. Bf4 c6 4. e3 Bf5 5. h3 h6 6. Bd3 Bxd3 7. Qxd3 Nbd7 8. Nbd2 e6 9. 0-0 Nb6 10. Ne5 Bd6 11. Rfe1 Qc7 12. b3 Nbd7 13. Ndf3 0-0 14. c4 c5 15. Rac1 b6 16. Nxd7 Nxd7 17. Bxd6 Qxd6 18. cxd5 Qxd5 19. Red1 Qb7 20. dxc5 Nxc5 21. Qd4 a5 22. Ne5 a4 23. b4 Ne4 24. Qd7 Qxd7 25. Rxd7 Nf6 26. Rb7 Nd5 27. a3 Rab8 28. Ra7 Ra8 29. Rxa8 Rxa8 30. Rc6 Rd8 31. e4 Nf6 32. f3 b5 33. Rb6 Nd7 34. Rd6 Nxe5 35. Rxd8+ Kh7 36. Rb8 Nc4 37. Rxb5 Nxa3 38. Ra5 Nc4 39. Rxa4 Nd6 40. Ra6 Nc4 41. b5 Kg6 42. b6 Nxb6 43. Rxb6 Kf6 44. f4 g5 45. g3 1-0

[Event "GER-chT Lands U20"]
[Site "Hannover"]
[Date "2014.10.05"]
[Round "4.7"]
[White "Caliebe, Nanke"]
[Black "Grund, Sebastian"]
[Result "0-1"]
[WhiteElo "1446"]
[BlackElo "1791"]
[PlyCount "70"]
[EventDate "2014.10.03"]
[EventType "team-swiss"]
[EventRounds "7"]
[EventCountry "GER"]
[SourceTitle "CBM 162 Extra"]
[Source "ChessBase"]
[SourceDate "2014.10.17"]
[SourceVersion "1"]
[SourceVersionDate "2014.10.17"]
[SourceQuality "1"]
[WhiteTeam "Team Nord"]
[BlackTeam "Thueringen"]
[WhiteTeamCountry "GER"]
[BlackTeamCountry "GER"]

1. d4 Nf6 2. c4 c5 3. Nf3 g6 4. Nc3 Bg7 5. e3 cxd4 6. exd4 d5 7. b3 Nc6 8. Be3 Bg4 9. Be2 Qa5 10. Qc2 dxc4 11. bxc4 Ne4 12. Bd2 Nxd2 13. Qxd2 Bxf3 14. Bxf3 Nxd4 15. Rc1 Rd8 16. Qe3 h5 17. Bxb7 Nf5 18. Qf3 Bh6 19. 0-0 Bxc1 20. Rxc1 Nh4 21. Qe4 Qxc3 22. Re1 Qf6 23. Qc2 Rb8 24. Qa4+ Kf8 25. Qxa7 Kg7 26. c5 Qc3 27. Rf1 Nf5 28. Be4 Nd4 29. Qxe7 Rhe8 30. Qh4 Qc4 31. f3 Ne2+ 32. Kf2 Qxc5+ 33. Ke1 Qe3 34. Kd1 Red8+ 35. Kc2 Rd2# 0-1

[Event "GER-chT Lands U20"]
[Site "Hannover"]
[Date "2014.10.04"]
[Round "2.7"]
[White "Caliebe, Nanke"]
[Black "Bork, Sophie"]
[Result "0-1"]
[WhiteElo "1446"]
[BlackElo "1574"]
[PlyCount "80"]
[EventDate "2014.10.03"]
[EventType "team-swiss"]
[EventRounds "7"]
[EventCountry "GER"]
[SourceTitle "CBM 162 Extra"]
[Source "ChessBase"]
[SourceDate "2014.10.17"]
[SourceVersion "1"]
[SourceVersionDate "2014.10.17"]
[SourceQuality "1"]
[WhiteTeam "Team Nord"]
[BlackTeam "Nordrhein Westfalen"]
[WhiteTeamCountry "GER"]
[BlackTeamCountry "GER"]

1. d4 d5 2. c4 e6 3. Nc3 c5 4. e3 Nf6 5. Nf3 a6 6. b3 Nc6 7. Bb2 Bd6 8. Be2 0-0 9. 0-0 cxd4 10. exd4 Re8 11. Re1 Bc7 12. a3 b6 13. Qd3 Bb7 14. Bf1 Ne7 15. Rad1 Qb8 16. g3 Ng6 17. Bg2 h5 18. h4 Ne4 19. Re2 Nxf2 20. Rxf2 Bxg3 21. Re2 Nf4 22. Qe3 Nxe2+ 23. Nxe2 Bd6 24. Nd2 Be7 25. Qf2 Qd8 26. Nf4 Bxh4 27. Qf3 g6 28. cxd5 Bg5 29. Rf1 Rf8 30. Nh3 Bxd5 31. Qf2 Bxg2 32. Qxg2 Bf6 33. Nf3 Qd5 34. b4 Rac8 35. Qf2 Rc7 36. Nhg5 Bxg5 37. Nxg5 Qxg5+ 38. Kh2 Qf5 39. Qxf5 exf5 40. Rd1 Rc2+ 0-1

[Event "GER-ch U14 Girls"]
[Site "Magdeburg"]
[Date "2014.06.09"]
[Round "3"]
[White "Reinecke, Katharina"]
[Black "Caliebe, Nanke"]
[Result "1-0"]
[WhiteElo "1555"]
[BlackElo "1272"]
[PlyCount "95"]
[EventDate "2014.06.08"]
[EventType "swiss"]
[EventRounds "9"]
[EventCountry "GER"]
[SourceTitle "CBM 160 Extra"]
[Source "ChessBase"]
[SourceDate "2014.07.01"]
[SourceVersion "1"]
[SourceVersionDate "2014.07.01"]
[SourceQuality "1"]

1. d4 d5 2. c4 e6 3. Nf3 Nf6 4. g3 Bb4+ 5. Bd2 Bxd2+ 6. Nbxd2 b6 7. Bg2 c5 8. 0-0 Bb7 9. dxc5 bxc5 10. cxd5 exd5 11. Rc1 Qd6 12. Qb3 Qb6 13. Qe3+ Ne4 14. Nxe4 dxe4 15. Ng5 f5 16. Qxc5 Qxc5 17. Rxc5 0-0 18. Ne6 Rf7 19. Nd8 Nd7 20. Nxf7 Nxc5 21. Nd6 Bd5 22. Rc1 Rd8 23. Nxf5 g6 24. Ne7+ Kf7 25. Nxd5 Rxd5 26. Kf1 Re5 27. Rc4 Kf6 28. b4 Ne6 29. Rxe4 Rd5 30. Rxe6+ Kxe6 31. Bxd5+ Kxd5 32. Ke1 Kc4 33. a3 Kb3 34. e4 Kc4 35. Kd2 Kd4 36. f3 h5 37. h3 a6 38. h4 Ke5 39. Kd3 Kd6 40. f4 Ke6 41. Kc4 Kd6 42. e5+ Kc6 43. a4 Kb6 44. Kd5 Kc7 45. e6 Kd8 46. Kd6 Ke8 47. e7 Kf7 48. Kd7 1-0

[Event "GER-ch U14 Girls"]
[Site "Magdeburg"]
[Date "2014.06.08"]
[Round "1"]
[White "Poetsch, Leonore"]
[Black "Caliebe, Nanke"]
[Result "1-0"]
[WhiteElo "1630"]
[BlackElo "1272"]
[PlyCount "121"]
[EventDate "2014.06.08"]
[EventType "swiss"]
[EventRounds "9"]
[EventCountry "GER"]
[SourceTitle "CBM 160 Extra"]
[Source "ChessBase"]
[SourceDate "2014.07.01"]
[SourceVersion "1"]
[SourceVersionDate "2014.07.01"]
[SourceQuality "1"]

1. e4 c5 2. c3 e6 3. d4 cxd4 4. cxd4 Nc6 5. Nf3 Nf6 6. Nc3 Bb4 7. Bd3 0-0 8. 0-0 b6 9. a3 Be7 10. d5 Nb8 11. Bc4 Qc7 12. Ba2 Bb7 13. Be3 Bd6 14. Nb5 Bxh2+ 15. Nxh2 Qd8 16. Nd6 Qc7 17. Nxb7 Qxb7 18. Qd3 Na6 19. b4 Rfe8 20. Bc4 Nb8 21. Rac1 d6 22. dxe6 fxe6 23. f3 d5 24. exd5 exd5 25. Bb3 Qd7 26. Rfd1 Rd8 27. Bf4 Nc6 28. b5 Ne7 29. Rc7 Qe8 30. Re1 Rd7 31. Qe2 Rad8 32. Rxd7 Rxd7 33. Qe6+ Kf8 34. Bd6 Qf7 35. Qxf7+ Kxf7 36. Bxe7 Rxe7 37. Rxe7+ Kxe7 38. Kf2 Kd6 39. Ke3 Kc5 40. a4 Kb4 41. Bd1 Kc3 42. Nf1 d4+ 43. Kf4 Nd5+ 44. Ke4 Nf6+ 45. Ke5 Nd7+ 46. Kd6 Nc5 47. g4 Kb4 48. Nd2 Nxa4 49. Bxa4 Kxa4 50. Kc6 Kb4 51. f4 Kc3 52. Nf3 d3 53. f5 d2 54. Nxd2 Kb4 55. g5 Ka5 56. f6 gxf6 57. gxf6 a6 58. bxa6 Kxa6 59. f7 Ka5 60. f8Q b5 61. Kc5 1-0

[Event "Kiel Cup U20"]
[Site "Kiel"]
[Date "2012.10.04"]
[Round "2"]
[White "Caliebe, Nanke"]
[Black "Bosselmann, Tom Linus"]
[Result "1/2-1/2"]
[WhiteElo "991"]
[BlackElo "879"]
[PlyCount "86"]
[EventDate "2012.10.??"]
[EventType "swiss"]
[EventRounds "7"]
[EventCountry "GER"]
[SourceTitle "EXT 2015"]
[Source "ChessBase"]
[SourceDate "2014.11.20"]
[SourceVersion "1"]
[SourceVersionDate "2014.11.20"]
[SourceQuality "1"]

1. d4 d5 2. c4 dxc4 3. e4 Nc6 4. Nf3 Bg4 5. Be3 Nf6 6. Nc3 e5 7. dxe5 Qxd1+ 8. Rxd1 Nxe5 9. Be2 Nxf3+ 10. Bxf3 Bxf3 11. gxf3 Bb4 12. Rc1 0-0 13. 0-0 Rfe8 14. a3 Bxc3 15. Rxc3 b5 16. Kh1 Nd7 17. Rg1 Ne5 18. Bd4 g6 19. Rb1 Rad8 20. Bxe5 Rxe5 21. b3 cxb3 22. Rcxb3 c6 23. Rb4 Rg5 24. a4 a5 25. R4b3 bxa4 26. Ra3 Rd4 27. Rba1 h5 28. Rxa4 Rxa4 29. Rxa4 Kg7 30. h4 Rb5 31. Kg2 g5 32. Kg3 Kg6 33. f4 gxh4+ 34. Kxh4 f5 35. f3 fxe4 36. fxe4 Rb4 37. Rxa5 Rxe4 38. Rg5+ Kf6 39. Kxh5 Rxf4 40. Rg6+ Ke5 41. Rxc6 Rf5+ 42. Kg6 Kd5 43. Kxf5 Kxc6 1/2-1/2